| 000 | 00426nam a22001577a 4500 | ||
|---|---|---|---|
| 999 |
_c160668 _d160668 |
||
| 005 | 20190207143450.0 | ||
| 010 | _aB-217620 | ||
| 020 |
_a8188583987 _c875.00 |
||
| 035 | _aB-217620 | ||
| 037 | _bReference Press | ||
| 082 | _a954.43 | ||
| 245 |
_aThe beautiful india: _bGujrat / _cS.A. Rahman |
||
| 260 |
_aNew Delhi _bReference Press _c2005 |
||
| 300 |
_a394p. _c22cm(hbk) |
||
| 942 |
_2ddc _cEN _h954.43 _mGUJ |
||